Specializovaný, barevný katalog podnikatelů a společností České republiky
Salvato in:
| Natura: | Libro |
|---|---|
| Lingua: | ceco slovacco |
| Pubblicazione: |
Brno
Tising
1993
|
| Edizione: | 1. vyd. |
| Soggetti: | |
| Tags: |
Nessun Tag, puoi essere il primo ad aggiungerne!!
|
MARC
| LEADER | 00000nam a2200000 4500 | ||
|---|---|---|---|
| 001 | c004627 | ||
| 005 | 20221214082852.1 | ||
| 041 | 0 | |a cze | |
| 041 | 0 | |a slo | |
| 044 | |a CZ | ||
| 245 | 1 | 0 | |a Specializovaný, barevný katalog podnikatelů a společností České republiky |
| 250 | |a 1. vyd. | ||
| 264 | 1 | |a Brno |b Tising |c 1993 | |
| 300 | |a 304 s. | ||
| 610 | 2 | 0 | |a podnikatelia |
| 610 | 2 | 0 | |a firmy |
| 610 | 2 | 0 | |a spoločnosti obchodné |
| 610 | 2 | 0 | |a Česko |
| 610 | 2 | 0 | |a Slovensko |
| 610 | 2 | 0 | |a orgány štátne |
| 610 | 2 | 0 | |a orgány zastupiteľské |
| 610 | 2 | 0 | |a obchod |
| 610 | 2 | 0 | |a služby |
| 610 | 2 | 0 | |a podnik výrobný |
| 610 | 2 | 0 | |a ruch cestovný |
| 610 | 2 | 0 | |a prostriedky masovokomunikačné |
| 610 | 2 | 0 | |a kultúra |